=LDR 00000nam 2200000 4500 =001 INLIS000000000035164 =005 20141201103127.0 =006 =007 =008 ind =035 ##$$a 0010-061300000035164 =041 ##$$a ind =082 ##$$a 650.1 =090 ##$$a 650.1, Stu,w =100 ##$$a Stugart,Billy =245 ##$$a Wealth And Success Prweiples, Prinsip-Prinsip Untuk Menjadi Kaya dan Sukses, Billi Stugart; Penerjemah, Heryanto p =260 ##$$a 2009 $b Jakarta =300 ##$$a x,259 hlm., 22 cm =650 ##$$a Sukses Bisnis =700 ##$$a Heryanto P =850 ##$$a NBPNMAT =990 ##$$a 0001/BPAP-NTB/20142014